[Event "Regionalliga SO 1011"]
[Site "Bayern"]
[Date "2011.02.06"]
[Round "6.2"]
[White "Huber, Edwin"]
[Black "Scheipl, Ralf"]
[Result "1/2-1/2"]
[WhiteElo "2118"]
[BlackElo "2223"]
[PlyCount "77"]
[EventDate "2010.10.10"]
[EventType "team-tourn"]
[EventRounds "9"]
[EventCountry "GER"]
[SourceTitle "EXT 2012"]
[Source "ChessBase"]
[SourceDate "2011.11.24"]
[SourceVersion "1"]
[SourceVersionDate "2011.11.24"]
[SourceQuality "1"]
[WhiteTeam "Ilmmuenster"]
[BlackTeam "Straubing"]
[WhiteTeamCountry "GER"]
[BlackTeamCountry "GER"]

1. d4 Nf6 2. Nc3 d5 3. e4 Nxe4 4. Nxe4 dxe4 5. Bc4 Bf5 6. c3 Nd7 7. Qb3 e6 8. Qxb7 Bd6 9. Ne2 0-0 10. Ng3 Qh4 11. Qb5 Nb6 12. Bb3 Bxg3 13. fxg3 Qd8 14. 0-0 Bg6 15. Bg5 Qc8 16. Qc6 Qd7 17. Qxd7 Nxd7 18. Bf4 Rac8 19. Rae1 Nb6 20. g4 a5 21. h4 a4 22. Bc2 f5 23. b3 Be8 24. c4 Rf7 25. Be3 axb3 26. axb3 Ra8 27. Ra1 Rxa1 28. Rxa1 f4 29. Bd2 Bc6 30. Ba5 Rd7 31. Bc3 h6 32. Re1 e3 33. Bg6 Rd8 34. Rf1 Rf8 35. g5 Nc8 36. gxh6 gxh6 37. Bh5 Nd6 38. Bg4 Kh7 39. Bxe6 1/2-1/2

[Event "Niederbayernliga 1112"]
[Site "Bayern"]
[Date "2011.??.??"]
[Round "3"]
[White "Scheipl, Ralf"]
[Black "Bernauer, Thomas"]
[Result "1-0"]
[WhiteElo "2199"]
[BlackElo "1876"]
[PlyCount "55"]
[EventDate "2011.10.??"]
[EventType "team-tourn"]
[EventRounds "9"]
[EventCountry "GER"]
[SourceTitle "EXT 2023"]
[Source "ChessBase"]
[SourceDate "2022.10.05"]
[SourceVersion "1"]
[SourceVersionDate "2022.10.05"]
[SourceQuality "1"]
[WhiteTeam "Straubing SC"]
[BlackTeam "Grafenau"]
[WhiteTeamCountry "GER"]
[BlackTeamCountry "GER"]

1. e4 e6 2. d4 d5 3. Nd2 Be7 4. Bd3 c5 5. dxc5 Bxc5 6. Ngf3 Nf6 7. e5 Ng4 8. 0-0 Nc6 9. Nb3 Bb6 10. Bf4 h5 11. h3 Nh6 12. Qe2 Bd7 13. c4 Nb4 14. c5 Nxd3 15. Qxd3 Bc7 16. Nbd4 a6 17. b4 Ng8 18. a4 Ne7 19. b5 Qb8 20. Bh2 h4 21. Rab1 axb5 22. axb5 Ng6 23. c6 Bc8 24. b6 Bd8 25. c7 Bxc7 26. bxc7 Qxc7 27. Nb5 Qa5 28. Nd6+ 1-0

[Event "Niederbayernliga 0910"]
[Site "Germany"]
[Date "2010.04.11"]
[Round "9.3"]
[White "Brueckl, Edgar"]
[Black "Scheipl, Ralf"]
[Result "0-1"]
[WhiteElo "1914"]
[BlackElo "2226"]
[PlyCount "74"]
[EventDate "2009.10.18"]
[EventType "team-tourn"]
[EventRounds "9"]
[EventCountry "GER"]
[SourceTitle "EXT 2011"]
[Source "ChessBase"]
[SourceDate "2010.11.26"]
[SourceVersion "1"]
[SourceVersionDate "2010.11.26"]
[SourceQuality "1"]
[WhiteTeam "Rottal II"]
[BlackTeam "Straubing"]
[WhiteTeamCountry "GER"]
[BlackTeamCountry "GER"]

1. d4 Nf6 2. Nf3 g6 3. Bf4 d6 4. e3 Nh5 5. Bg3 Bg7 6. Be2 c5 7. c3 b6 8. 0-0 0-0 9. e4 Nxg3 10. hxg3 Bb7 11. Nbd2 Nd7 12. Re1 h6 13. Qb3 Qc7 14. Bd3 a6 15. a4 e6 16. Rad1 Rac8 17. Nc4 d5 18. exd5 Bxd5 19. Rc1 Qc6 20. Qd1 Bxf3 21. Qxf3 cxd4 22. cxd4 Qxf3 23. gxf3 Bxd4 24. Nd6 Rxc1 25. Rxc1 Nc5 26. Be2 Bxb2 27. Rb1 Nxa4 28. Bxa6 Bd4 29. Nc8 Bc5 30. Rb3 Rd8 31. Rd3 Rxd3 32. Bxd3 Nc3 33. Bc2 b5 34. Kf1 Kf8 35. Ke1 Ke8 36. Kd2 b4 37. Kd3 Kd7 0-1

[Event "GER-chT Seniors 18th"]
[Site "Finsterbergen"]
[Date "2009.09.16"]
[Round "5"]
[White "Postler, Reinhard"]
[Black "Scheipl, Ralf"]
[Result "1/2-1/2"]
[WhiteElo "2303"]
[BlackElo "2281"]
[PlyCount "102"]
[EventDate "2009.09.12"]
[EventType "team-swiss"]
[EventRounds "7"]
[EventCountry "GER"]
[SourceTitle "CBM 132 Extra"]
[Source "ChessBase"]
[SourceDate "2009.11.03"]
[SourceVersion "1"]
[SourceVersionDate "2009.11.03"]
[SourceQuality "1"]

1. e4 c5 2. Nf3 d6 3. d4 cxd4 4. Nxd4 Nf6 5. Nc3 Nc6 6. Bg5 Bd7 7. Qd2 a6 8. 0-0-0 b5 9. Nxc6 Bxc6 10. f3 Qa5 11. Kb1 e6 12. Bd3 Be7 13. h4 h6 14. Be3 b4 15. Ne2 d5 16. e5 Nd7 17. Bd4 Bb5 18. Qe3 0-0 19. g4 Bxd3 20. cxd3 b3 21. a3 Rfc8 22. Rc1 Bb4 23. Rxc8+ Rxc8 24. Rc1 Rxc1+ 25. Qxc1 Bc5 26. Qc3 Qb6 27. Bxc5 Nxc5 28. d4 Nb7 29. Qb4 Qxb4 30. axb4 Nd8 31. Kc1 Nc6 32. Kd2 Nxb4 33. Kc3 Nc6 34. Kxb3 g5 35. hxg5 hxg5 36. Kc3 Kg7 37. Ng3 Kg6 38. Nh5 Kh6 39. b4 Kg6 40. Nf6 Na7 41. Ne8 Nb5+ 42. Kd3 f5 43. Nf6 Nc7 44. Nd7 Kf7 45. Nc5 Ke7 46. Ke3 f4+ 47. Kd3 Kf7 48. Nb7 Nb5 49. Nd8+ Ke7 50. Nc6+ Ke8 51. Nb8 Nc7 1/2-1/2

[Event "GER-chT Seniors 17th"]
[Site "Berlin"]
[Date "2008.09.06"]
[Round "7"]
[White "Scheipl, Ralf"]
[Black "Gruzmann, Boris"]
[Result "1/2-1/2"]
[WhiteElo "2264"]
[BlackElo "2240"]
[PlyCount "46"]
[EventDate "2008.08.31"]
[EventType "team-swiss"]
[EventRounds "7"]
[EventCountry "GER"]
[SourceTitle "CBM 126 Extra"]
[Source "ChessBase"]
[SourceDate "2008.11.05"]
[SourceVersion "1"]
[SourceVersionDate "2008.11.05"]
[SourceQuality "1"]

1. e4 e5 2. Nf3 Nc6 3. Bb5 d6 4. d4 Bd7 5. Nc3 Nf6 6. 0-0 Be7 7. Re1 exd4 8. Nxd4 0-0 9. h3 Nxd4 10. Qxd4 Bxb5 11. Nxb5 Nd7 12. Qc4 c6 13. Nd4 d5 14. exd5 Nb6 15. Qb3 Bf6 16. Be3 Qxd5 17. Rad1 Rad8 18. c3 Qxb3 19. axb3 Nd5 20. Bc1 Rfe8 21. Rxe8+ Rxe8 22. Kf1 g6 23. Nc2 a6 1/2-1/2

[Event "Niederbayernliga 0708"]
[Site "Germany"]
[Date "2007.11.25"]
[Round "3.3"]
[White "Brueckl, Edgar"]
[Black "Scheipl, Ralf"]
[Result "1/2-1/2"]
[WhiteElo "1920"]
[BlackElo "2261"]
[PlyCount "129"]
[EventDate "2007.10.21"]
[EventType "team-tourn"]
[EventRounds "9"]
[EventCountry "GER"]
[SourceTitle "EXT 2009"]
[Source "ChessBase"]
[SourceDate "2008.11.26"]
[SourceVersion "1"]
[SourceVersionDate "2008.11.26"]
[SourceQuality "1"]
[WhiteTeam "Rottal II"]
[BlackTeam "Straubing"]
[WhiteTeamCountry "GER"]
[BlackTeamCountry "GER"]

1. d4 Nf6 2. Bf4 d6 3. Nf3 Bg4 4. e3 Nbd7 5. h3 Bh5 6. Be2 h6 7. Nbd2 c5 8. 0-0 g5 9. Bg3 Bg7 10. c3 Bg6 11. Nh2 Rc8 12. Ng4 Nh5 13. Bh2 cxd4 14. exd4 Nf4 15. Bf3 Qc7 16. Ne3 Nb6 17. Qb3 0-0 18. Be4 Bxe4 19. Nxe4 e6 20. Rad1 d5 21. Nc5 Qc6 22. Rfe1 Nd7 23. Nxd7 Qxd7 24. Ng4 Ng6 25. Ne5 Nxe5 26. Bxe5 Bxe5 27. Rxe5 f6 28. Re3 Qf7 29. Qc2 Rfe8 30. Rde1 Rc7 31. Qe2 Rce7 32. Qf3 Kg7 33. Qg3 Qg6 34. f4 Kh7 35. Kh1 Qf5 36. fxg5 hxg5 37. Rf3 Qg6 38. Qd6 Kg7 39. Rfe3 Qf5 40. Rf3 Qc2 41. Ref1 f5 42. Qe5+ Kg6 43. Rg3 Qe4 44. Re1 Qxe5 45. Rxe5 Kf6 46. Kg1 Rc8 47. Rge3 Rc6 48. g3 b5 49. a3 a5 50. Kg2 Rb7 51. h4 g4 52. b4 axb4 53. cxb4 Rc2+ 54. Kf1 Rb6 55. Ke1 Rbc6 56. Kd1 Rc1+ 57. Kd2 R1c4 58. Rd3 Rc2+ 59. Ke1 Rc1+ 60. Kf2 Rh1 61. Kg2 Ra1 62. Re2 Kf7 63. Kf2 Rcc1 64. Kg2 Rg1+ 65. Kh2 1/2-1/2

[Event "GER-chT Seniors 16th"]
[Site "Halle"]
[Date "2007.09.18"]
[Round "6.1"]
[White "Scheipl, Ralf"]
[Black "Raedeker, Bernd"]
[Result "1/2-1/2"]
[WhiteElo "2261"]
[BlackElo "2253"]
[PlyCount "35"]
[EventDate "2007.09.13"]
[EventType "team-tourn"]
[EventRounds "7"]
[EventCountry "GER"]
[SourceTitle "EXT 2008"]
[Source "ChessBase"]
[SourceDate "2007.11.25"]
[SourceVersion "1"]
[SourceVersionDate "2007.11.25"]
[SourceQuality "1"]

1. Nf3 d5 2. d4 Nc6 3. Bf4 Bg4 4. e3 e6 5. Nbd2 Bd6 6. Bxd6 cxd6 7. c4 Nge7 8. cxd5 exd5 9. Bd3 Qd7 10. 0-0 Bf5 11. Bxf5 Qxf5 12. Rc1 0-0 13. a3 Rfc8 14. b4 b5 15. Nb3 h6 16. Qd2 Kf8 17. Qe2 a6 18. Nfd2 1/2-1/2

[Event "Bayern-ch Seniors 19th"]
[Site "Schloss Schney"]
[Date "2007.06.20"]
[Round "9"]
[White "Scheipl, Ralf"]
[Black "Romanow, Werner"]
[Result "1/2-1/2"]
[WhiteElo "2207"]
[BlackElo "1997"]
[PlyCount "66"]
[EventDate "2007.06.12"]
[EventType "swiss"]
[EventRounds "9"]
[EventCountry "GER"]
[SourceTitle "EXT 2008"]
[Source "ChessBase"]
[SourceDate "2007.11.25"]
[SourceVersion "1"]
[SourceVersionDate "2007.11.25"]
[SourceQuality "1"]

1. c4 c6 2. e4 d5 3. exd5 cxd5 4. d4 Nf6 5. Nc3 Nc6 6. Bg5 dxc4 7. d5 Ne5 8. Nf3 Nxf3+ 9. Qxf3 Qc7 10. h3 h6 11. Bf4 Qc5 12. Be3 Qb4 13. Bd4 e6 14. Bxf6 gxf6 15. Qxf6 Rg8 16. 0-0-0 Bg7 17. Qf3 Bxc3 18. bxc3 Qa3+ 19. Kb1 exd5 20. Qxd5 Be6 21. Qb5+ Kf8 22. Qb2 Qxb2+ 23. Kxb2 Rg5 24. g3 b5 25. Bg2 Rb8 26. Rd4 b4 27. Rhd1 bxc3+ 28. Kxc3 Ra5 29. Rd8+ Rxd8 30. Rxd8+ Ke7 31. Rd2 Ra3+ 32. Kb4 c3 33. Kxa3 cxd2 1/2-1/2

[Event "Bayern-ch Seniors 19th"]
[Site "Schloss Schney"]
[Date "2007.06.17"]
[Round "7"]
[White "Scheipl, Ralf"]
[Black "Kempen, Willi"]
[Result "1/2-1/2"]
[WhiteElo "2207"]
[BlackElo "2100"]
[PlyCount "40"]
[EventDate "2007.06.12"]
[EventType "swiss"]
[EventRounds "9"]
[EventCountry "GER"]
[SourceTitle "EXT 2008"]
[Source "ChessBase"]
[SourceDate "2007.11.25"]
[SourceVersion "1"]
[SourceVersionDate "2007.11.25"]
[SourceQuality "1"]

1. e4 e5 2. Nf3 Nc6 3. Bb5 a6 4. Ba4 Nf6 5. 0-0 Be7 6. Re1 b5 7. Bb3 d6 8. c3 0-0 9. d4 Bg4 10. Be3 Na5 11. Bc2 Nc4 12. Bc1 c5 13. b3 Nb6 14. d5 h6 15. Nbd2 Nh7 16. h3 Bh5 17. g4 Bg6 18. Nf1 Ng5 19. Kg2 Nxf3 20. Qxf3 Nxd5 1/2-1/2

[Event "GER-chT Seniors 15th"]
[Site "Bad Blankenburg"]
[Date "2006.09.05"]
[Round "3.1"]
[White "Scheipl, Ralf"]
[Black "Staller, Peter"]
[Result "1/2-1/2"]
[WhiteElo "2255"]
[BlackElo "2275"]
[PlyCount "31"]
[EventDate "2006.09.03"]
[EventType "team-swiss"]
[EventRounds "7"]
[EventCountry "GER"]
[SourceTitle "CBM 114 Extra"]
[Source "ChessBase"]
[SourceDate "2006.11.03"]
[SourceVersion "1"]
[SourceVersionDate "2006.11.03"]
[SourceQuality "1"]

1. e4 e6 2. d4 d5 3. Nd2 Nf6 4. e5 Nfd7 5. Bd3 c5 6. c3 b6 7. Ndf3 Ba6 8. Ne2 Be7 9. 0-0 Bxd3 10. Qxd3 Qc7 11. Bg5 Nc6 12. Bxe7 Nxe7 13. Rac1 c4 14. Qc2 h6 15. Nd2 0-0 16. f4 1/2-1/2